| 000 | 00597nam a2200229Ia 4500 | ||
|---|---|---|---|
| 003 | OSt | ||
| 005 | 20221007073045.0 | ||
| 006 | a|||||r|||| 00| 0 | ||
| 007 | ta | ||
| 008 | 221006b |||||||| |||| 00| 0 eng d | ||
| 024 | _a16,445 | ||
| 037 | _cTextual | ||
| 040 |
_aFLL _cFLL _beng |
||
| 041 |
_2eng _aeng |
||
| 082 | _aX9:Z563, K0 | ||
| 100 |
_aMiller I.P. _9691842 |
||
| 245 | 0 | _aIndustrial law in Scotland | |
| 260 |
_aLondon _bW. Green and Son Ltd. London _c1960 |
||
| 300 |
_a461p _ccm. |
||
| 942 |
_hX9:Z563, K0 _cTEXL _2CC |
||
| 999 |
_c1147591 _d1147591 |
||